Yaak Sarai / یاک سرائے (Record no. 534171)

000 -LEADER
fixed length control field 00286nam a2200121 4500
040 ## - CATALOGING SOURCE
Transcribing agency DLC
082 ## - DEWEY DECIMAL CLASSIFICATION NUMBER
Classification number 910.4
Author Mark TAR
100 ## - MAIN ENTRY--PERSONAL NAME
Personal name Tarar, Mustansar Hussain
9 (RLIN) 3135
245 ## - TITLE STATEMENT
Title Yaak Sarai / یاک سرائے
260 ## - PUBLICATION, DISTRIBUTION, ETC.
Place of publication, distribution, etc. Lahore
Name of publisher, distributor, etc. Sang-e-Meel
Date of publication, distribution, etc. 2004
300 ## - PHYSICAL DESCRIPTION
Extent 448;p
942 ## - ADDED ENTRY ELEMENTS (KOHA)
Source of classification or shelving scheme
Koha item type Book
Holdings
Withdrawn status Lost status Source of classification or shelving scheme Damaged status Not for loan Permanent Location Current Location Date acquired Total Checkouts Full call number Barcode Date last seen Price effective from Koha item type
          School of Civil and Environmental Engineering (SCEE) School of Civil and Environmental Engineering (SCEE) 02/06/2020   910.4 TAR NIT-9667 02/06/2020 02/06/2020 Book
© 2023 Central Library, National University of Sciences and Technology. All Rights Reserved.